000 01166nam a2200289Ia 4500
003 OSt
005 20221005104013.0
006 a|||||r|||| 00| 0
007 ta
008 221004b |||||||| |||| 00| 0 hin d
020 _a9788179171684 (hbk)
_cINR 1250.00
024 _a37514
037 _b63, 13/03/2018, P. K. Books
_cTextual
040 _aCRL
_cCRL
_bhin
041 _2hin
_ahin
082 _aX:3M24xM18, 152Q6
100 _aवुडस, एलेन
245 0 _aमार्क्सवादी दर्शन और आधुनिक विज्ञान
246 _aMārksavādī darshan aur ādhunik vijnyāna
260 _aदिल्ली
_bग्रंथ शिल्पी भारत
_c2016
300 _a428पृ0
_ccm.
650 _aमार्क्सवाद
700 _a ग्रांट, टेड
700 _a राजिमवाले, अनिल, अनु.
942 _hX:3M24xM18, 152Q6
_cTEXL
_2cc
999 _c1011467
_d1011467